| 000 | 00587nam a2200205 i 4500 | ||
|---|---|---|---|
| 001 | 150683 | ||
| 003 | ES-MaACL | ||
| 005 | 20230906203634.0 | ||
| 007 | t| | ||
| 008 | 071106s1952 sp a |||| | spa d | ||
| 100 | 1 |
_aDíaz Santillana, Santos. _944426 |
|
| 245 | 1 | 0 |
_aEfemérides históricas / _cSantos Díaz Santillana. |
| 260 |
_aBarcelona : _bAyax, _c[1952?] |
||
| 300 |
_a1 v. : _bil. ; _c25 cm. |
||
| 490 | 1 | _aBiblioteca Ayax | |
| 651 | 4 |
_aEspaña- _xHistoria- _vCronología. _98341 |
|
| 830 | 0 |
_aBiblioteca Ayax _9187610 |
|
| 852 |
_aES-MaACL _jP-199 |
||
| 999 |
_c150683 _d150683 |
||